| 000 | 00779na a2200253 4500 | ||
|---|---|---|---|
| 001 | 13122 | ||
| 003 | MIRAKIL | ||
| 005 | 20181213154831.0 | ||
| 008 | 161025b tu 000 0 | ||
| 020 | _a9789757363675 | ||
| 035 | _a13122 | ||
| 040 |
_aMilas _btur _cTR-AnCHP |
||
| 041 | _atur | ||
| 082 |
_a956.22621 _bB39 2008 |
||
| 090 | _a956.22621 B39 2008 | ||
| 245 |
_aBeyoğlu'nun dünü, bugünü, yarını _cyayıma hazırlayan: Evren Barın Eğrik |
||
| 260 |
_aİstanbul _bİstanbul Kültür Sanat Vakfı _c2008 |
||
| 300 |
_a180 s. _c23 sm. |
||
| 650 |
_aBeyoğlu (İstanbul) _xTarih _yToplantılar |
||
| 650 |
_aBeyoğlu (İstanbul) _xToplumsal yaşam _yToplantılar |
||
| 650 |
_aBeyoğlu (İstanbul) _xTarih |
||
| 700 | _aEgrik, Evren Barın | ||
| 942 |
_2dcc _cBKS |
||
| 999 |
_c1689 _d1689 |
||